Tratamiento psicopedagógico : (Record no. 7779)

MARC details
000 -LEADER
fixed length control field 02151nam a22002057a 4500
008 - FIXED-LENGTH DATA ELEMENTS--GENERAL INFORMATION
fixed length control field 220826b ||||| |||| 00| 0 spa d
020 ## - INTERNATIONAL STANDARD BOOK NUMBER
International Standard Book Number 950-12-3193-3
040 ## - CATALOGING SOURCE
Original cataloging agency AR-FvUNAJ
Transcribing agency AR-FvUNAJ
Description conventions aacr2
082 14 - DEWEY DECIMAL CLASSIFICATION NUMBER
Edition number 14
Classification number 370.15
100 1# - MAIN ENTRY--PERSONAL NAME
9 (RLIN) 14904
Personal name Bin, Liliana
245 10 - TITLE STATEMENT
Title Tratamiento psicopedagógico :
Remainder of title red interinterinstitucional en el ámbito de la salud /
Statement of responsibility, etc Compiladores Liliana Bin, Adriana Diez, Héctor Waisburg.
260 ## - PUBLICATION, DISTRIBUTION, ETC. (IMPRINT)
Place of publication, distribution, etc Buenos Aires :
Name of publisher, distributor, etc Paidos,
Date of publication, distribution, etc 2000.
300 ## - PHYSICAL DESCRIPTION
Extent 276 p.
520 ## - SUMMARY, ETC.
Summary, etc En la última década se ha presenciado un cambio en la concepción de la asistencia hospitalaria: la compleja trama del binomio salud-enfermedad no puede ya ser abordada solo desde la medicina. El reconocimiento de la nueva morbilidad, las variaciones en el modelo de atención y los aportes de la epidermiología poblacional han favorecido la introducción del concepto de interdisciplina. La formación de equipos interdisciplinarios -en los cuales el proceso diagnóstico, el seguimiento y el planteo terapéutico son compartidos por los diversos profesionales involucrados- favorece el conocimiento y el manejo del paciente. A la luz de esta concepción se incorpora la psicopedagogía al ámbito hospitalario, y es asimismo esta perspectiva la que impulsó las Primeras Jornadas de la Red Nacional de Psicopedagogía, cuyo tema central fue el tratamiento psicopedagógico.<br/>El presente texto, que recoge la experiencia registrada en las distintas instituciones hospitalarias pertencientes a dicha red, intenta reflejar un momento histórico del pensamiento de la displina en nuestro país. Así, el libro reúne diferentes posiciones teóricas y prácticas. Pero, más allá de la diversidad de enfoques, el tratamiento psicopedagógico se postula como un quehacer que implica una reconstrucción en la que se desanuda y se establece junto al paciente y su familia una nueva trama interna y externa, posibilitadora de aprendizaje.
650 #0 - SUBJECT ADDED ENTRY--TOPICAL TERM
Source of heading or term unescot
9 (RLIN) 2524
Topical term or geographic name as entry element PSICOLOGIA DE LA EDUCACION
700 1# - ADDED ENTRY--PERSONAL NAME
9 (RLIN) 14905
Personal name Diez, Adriana
700 1# - ADDED ENTRY--PERSONAL NAME
9 (RLIN) 14906
Personal name Waisburg, Héctor
942 ## - ADDED ENTRY ELEMENTS (KOHA)
Source of classification or shelving scheme Dewey Decimal Classification
Item type Libro, folleto, traducción
980 ## - EQUIVALENCE OR CROSS-REFERENCE-SERIES STATEMENT--PERSONAL NAME/TITLE [LOCAL, CANADA]
Linkage 2
Personal name Virginia Figueroa
Field link and sequence number 2
Miscellaneous information Virginia Figueroa
Holdings
Withdrawn status Lost status Source of classification or shelving scheme Damaged status Not for loan Home library Current library Date acquired Full call number Barcode Date last seen Price effective from Koha item type
    Dewey Decimal Classification   Consultar Disponibilidad Biblioteca Central DEPOSITO 26/08/2022 370.15 BIN UNAJ22080064 17/03/2025 26/08/2022 Libro, folleto, traducción

Lunes a Viernes 8:30 a 19:00 hs. Cerrado por mudanza
Av.Calchaqui 6200 Florencio Varela (CP188) 2°piso Edificio Mosconi Aula 209-210
Mail: bibliotecacentralunaj@gmail.com  
Whatsapp(54 9)1122668024    ❔Pregunte a la bibliotecaria
© Universidad Nacional Arturo Jauretche | Secretaría Académica | Biblioteca Central UNAJ